| 000 | 00590nam a22002297a 4500 | ||
|---|---|---|---|
| 003 | OSt | ||
| 005 | 20181012152843.0 | ||
| 008 | 181012b xxu||||| |||| 00| 0 eng d | ||
| 020 | _a818573111X | ||
| 040 | _cDNLM | ||
| 082 | _aQV736 M48d 2001 | ||
| 100 |
_aMehta, R. M. _912728 |
||
| 245 | _aDrug Store and Business Management | ||
| 250 | _a3rd ed. | ||
| 260 | _aDehl; Vallabh Prakashan, 2001 | ||
| 300 | _avii,240p; ill: 22cm | ||
| 504 | _aAppendices, & index included | ||
| 648 | _2D | ||
| 650 |
_aDrug storage _912729 |
||
| 650 |
_aBusiness management _96027 |
||
| 942 |
_2z _cSLOAN |
||
| 999 |
_c6167 _d6167 |
||